| 000 | 00419nam a2200157 4500 | ||
|---|---|---|---|
| 008 | 191125s2015||||xo d | ||
| 100 | 1 |
_aGrupac Marián _91450 |
|
| 700 | 1 |
_aa ko. autorov _91451 |
|
| 245 | 1 | 0 | _aSúcasná slovenská literatúra po roku 1989 |
| 250 | _a1.vydanie | ||
| 260 |
_bMatica Slovenská _aMartin _c2015 |
||
| 300 | _a292s. | ||
| 020 |
_a9788081281389 _c13,21 |
||
| 041 | 1 | _aslo | |
| 044 |
_axo _cSK |
||
| 999 |
_c22817 _d22817 |
||